000 01234 a2200205 4500
001 22287
005 20260407155512.0
008 260407a1966 arg spa d
003 AR-UNSa-BCEJYS
040 _aAR-UNSa-BCEJYS
_bspa
_cAR-UNSa-BCEJYS
080 _a342.9
_xDerecho Administrativo
245 1 0 _aTratado de derecho administrativo
264 1 _aBuenos Aires :
_bAbeledo Perrot
_c1966
300 _a803 p.
_c23 cm.
505 _aTitulo V: 1. Servicios públicos - 2. Caracteres Jurídicos - 3. Creación, Organización, Modificación y supresión de servicios públicos - 4. Sistema jurídico inherente al servicio público - 5. Clasificación de los servicios públicos - 6. La retribución en los servicios públicos - 7. El administrado y el usuario en su relación con el servicio público - 8. Formas de presentación o gestión de los servicios públicos - 9. Colaboración de los particulares con la administración en la prestación de los servicios públicos - Titulo VI: 1. Actos de la administración pública - 2. Acto administrativo - 3. Actos de administración - 4. Actos de gobierno o político.
041 _aspa
942 _cBK
590 _aniveau_biblio:m niveau_hierar:0
100 1 _aMarienhoff, Miguel S.
999 _c946
_d946